Welcome to CU Library Online Public Access Catalogue (OPAC)

Mergers and acquisitions : (Record no. 6808)

MARC details
000 -LEADER
fixed length control field 01090cam a2200265 a 4500
001 - CONTROL NUMBER
control field 14411165
005 - DATE AND TIME OF LATEST TRANSACTION
control field 20250702115206.0
008 - FIXED-LENGTH DATA ELEMENTS--GENERAL INFORMATION
fixed length control field 060613s2007 cauab b 000 0 eng
020 ## - INTERNATIONAL STANDARD BOOK NUMBER
International Standard Book Number 1412941040
Qualifying information pbk.
020 ## - INTERNATIONAL STANDARD BOOK NUMBER
International Standard Book Number 9781412941044
Qualifying information pbk.
050 00 - LIBRARY OF CONGRESS CALL NUMBER
Classification number HD2746.5
Item number .B64 2007
082 00 - DEWEY DECIMAL CLASSIFICATION NUMBER
Classification number 658.1/62
Edition information 22
100 1# - MAIN ENTRY--PERSONAL NAME
Personal name Boeh, Kevin K.
245 10 - TITLE STATEMENT
Title Mergers and acquisitions :
Remainder of title text and cases /
Statement of responsibility, etc. Kevin K. Boeh, Paul W. Beamish.
260 ## - PUBLICATION, DISTRIBUTION, ETC.
Place of publication, distribution, etc. Thousand Oaks :
Name of publisher, distributor, etc. SAGE Publications,
Date of publication, distribution, etc. c2007.
300 ## - PHYSICAL DESCRIPTION
Extent xv, 444 p. :
Other physical details ill., maps ;
Dimensions 24 cm.
440 #4 - SERIES STATEMENT/ADDED ENTRY--TITLE
Title The Ivey casebook series
650 #0 - SUBJECT ADDED ENTRY--TOPICAL TERM
Topical term or geographic name entry element Consolidation and merger of corporations.
650 #0 - SUBJECT ADDED ENTRY--TOPICAL TERM
Topical term or geographic name entry element Consolidation and merger of corporations
Form subdivision Case studies.
700 1# - ADDED ENTRY--PERSONAL NAME
Personal name Beamish, Paul W.,
Dates associated with a name 1953-
856 42 - ELECTRONIC LOCATION AND ACCESS
Materials specified Publisher description
Uniform Resource Identifier <a href="http://www.loc.gov/catdir/enhancements/fy0661/2006019605-d.html">http://www.loc.gov/catdir/enhancements/fy0661/2006019605-d.html</a>
856 41 - ELECTRONIC LOCATION AND ACCESS
Materials specified Table of contents only
Uniform Resource Identifier <a href="http://www.loc.gov/catdir/enhancements/fy0661/2006019605-t.html">http://www.loc.gov/catdir/enhancements/fy0661/2006019605-t.html</a>
856 42 - ELECTRONIC LOCATION AND ACCESS
Materials specified Contributor biographical information
Uniform Resource Identifier <a href="http://www.loc.gov/catdir/enhancements/fy0738/2006019605-b.html">http://www.loc.gov/catdir/enhancements/fy0738/2006019605-b.html</a>
942 ## - ADDED ENTRY ELEMENTS (KOHA)
Source of classification or shelving scheme Library of Congress Classification
Koha item type Books
Suppress in OPAC No
999 ## -
-- 6808
-- 6808
Holdings
Withdrawn status Lost status Source of classification or shelving scheme Damaged status Not for loan Collection Home library Current library Shelving location Date acquired Total checkouts Full call number Barcode Date last seen Copy number Price effective from Koha item type
    Library of Congress Classification     Non-fiction Graduate Library (Christ Temple) Graduate Library (Christ Temple) General stacks 07/02/2025   HD 2746.5 B BOE GSCT00001689 07/02/2025 1 07/02/2025 Books
    Library of Congress Classification     Non-fiction Graduate Library (Christ Temple) Graduate Library (Christ Temple) General stacks 07/02/2025   HD 2746.5 B BOE GSCT00001690 07/02/2025 2 07/02/2025 Books
    Library of Congress Classification     Non-fiction Graduate Library (Christ Temple) Graduate Library (Christ Temple) General stacks 07/02/2025   HD 2746.5 B BOE GSCT00001691 07/02/2025 3 07/02/2025 Books
    Library of Congress Classification     Non-fiction Graduate Library (Christ Temple) Graduate Library (Christ Temple) General stacks 07/02/2025   HD 2746.5 B BOE GSCT00001692 07/02/2025 4 07/02/2025 Books
    Library of Congress Classification     Non-fiction Graduate Library (Christ Temple) Graduate Library (Christ Temple) General stacks 07/02/2025   HD 2746.5 B BOE GSCT00001693 07/02/2025 5 07/02/2025 Books
© 2023-2024 Copyright: Central University Libraries. All Rights Reserved | Created by: Mahone Tech Office